Brands by Pictures #3 - Statistics

General Stats
  • This quiz has been taken 3 times
  • The average score is 10 of 16
Answer Stats
Picture Answer % Correct
Chevrolet
100%
Ferrari
100%
Kodak
100%
Motorola
100%
Windows
100%
Kappa
67%
Michelin
67%
The North Face
67%
Umbro
67%
Under Armour
67%
DC Comics
33%
Dreamworks
33%
Huawei
33%
Mountain Dew
33%
Reebok
33%
Xiaomi
33%
No matching quizzes found
Score Distribution
Percent of People with Each Score
Percentile by Number Answered
Your Score History
You have not taken this quiz